000 01096nam a2200265Ia 4500
003 OSt
005 20221005110928.0
006 a|||||r|||| 00| 0
007 ta
008 221004b |||||||| |||| 00| 0 hin d
020 _a9788126720194 (hbk)
_c200
024 _a11153
037 _b8178, 20/03/2014, Rajkamal Prakashan Pvt. Ltd.
_cTextual
040 _aCRL
_cCRL
_bhin
041 _2hin
_ahin
082 _aO152,3N3712,HG, Q1
100 _aशुक्ल, विनोद कुमार
245 0 _aहरी घास की छप्पर वाली झोपड़ी और बौना पहाड़
246 _aHarī ghās kī chhappar vālī zopaड़ī aur baunā pahāड़
260 _aनई दिल्ली
_bराजकमल प्रकाशन भारत
_c2011
300 _a135पृ0
_ccm.
650 _aहिन्दी साहित्य
942 _hO152,3N3712,HG, Q1
_cTEXL
_2cc
999 _c1020297
_d1020297